zpět

Detail výsledku týmu

The Pub Praha 2 ST, Praha

Datum a čas kvízu

32.5 Celkem bodů Celkový počet nahraných bodů na tomto kvízu bez doplňovacích otázek.
10. Pořadí na kvízu Konečné umístění týmu na tomto kvízu.

Zaznamenané odpovědi

# Otázka Odpověď Body Výsledky
1. V sobotu se v jedné obci na Br... Nové Heřminovy 0
2. Školský obvod nedaleko Houston... má odhalené ňadro 1
3. Nová streamovací platforma One... Monyová 0
4. Cukrárna nedaleko Paříže překo... jahody 0
5. Dvojnásobný olympijský šampion... bronzovou 1
6. Opuštěné budovy mají pro řadu... B) urbex 1
7. Napište jméno města, v němž se... Pripjať 1
8. V Kolmanskopu v jihozápadní Af... Namib/Namibská poušť 1
9. Velmi smutný osud potkal celou... Sarajevo, 1984 1
10. Ostrov La Isla de las Muñecas... B) panenkami 1